Comarques de Catalunya Quiz Stats

 Plays Quiz not verified by Sporcle

Score 0/42 Timer 07:00
0 Plays Today
Capital de comarca Comarca % Correct
BarcelonaBarcelonès
90.2%
FigueresAlt Empordà
88.9%
GironaGironès
85.7%
La Bisbal d'EmpordàBaix Empordà
85.4%
MataróMaresme
82.2%
VicOsona
81.9%
Sant Feliu de LlobregatBaix Llobregat
80.5%
TarragonaTarragonès
80.5%
VallsAlt Camp
79.8%
Vilafranca del PenedèsAlt Penedès
79.8%
ReusBaix Camp
79.4%
IgualadaAnoia
78.7%
El VendrellBaix Penedès
78%
La Seu d'UrgellAlt Urgell
77.7%
RipollRipollès
77.4%
BergaBerguedà
76.7%
PuigcerdàCerdanya
76.7%
VielhaVall d'Aran
76%
TortosaBaix Ebre
75.3%
Sabadell i TerrassaVallès Occidental
74.2%
GranollersVallès Oriental
73.9%
Capital de comarca Comarca % Correct
Santa Coloma de FarnersLa Selva
72.5%
OlotGarrotxa
71.8%
ManresaBages
71.1%
El Pont de SuertAlta Ribagorça
69.7%
SolsonaSolsonès
69.3%
TrempPallars Jussà
69%
TàrregaUrgell
69%
Vilanova i la GeltrúGarraf
68.6%
SortPallars Sobirà
68.6%
BanyolesPla de l'Estany
68.6%
LleidaSegrià
68.3%
AmpostaMontsià
66.2%
FalsetPriorat
64.1%
MoyàMoyanès
62%
BalaguerLa Noguera
56.4%
MontblancConca de Barberà
55.7%
Mora d'EbreRibera d'Ebre
54.4%
GandesaTerra Alta
54.4%
MollerussaPla d'Urgell
54%
CerveraLa Segarra
52.6%
Les Borges BlanquesLes Garrigues
52.3%

You're not logged in!

Compare scores with friends on all Sporcle quizzes.
OR
Log In

Show Comments

Extras

Created Mar 5, 2014ReportNominate
Tags:Capital Quiz, catalonia, geo

Top Quizzes Today


Score Distribution

Your Account Isn't Verified!

In order to create a playlist on Sporcle, you need to verify the email address you used during registration. Go to your Sporcle Settings to finish the process.

Report this User

Report this user for behavior that violates our Community Guidelines.

Details: